Carolus V Imperator (Record no. 1434)
[ view plain ]
| 000 -CABECERA | |
|---|---|
| campo de control de longitud fija | 01086nam a2200253 a 4500 |
| 001 - NÚMERO DE CONTROL | |
| campo de control | BRCA_1629 |
| 005 - FECHA Y HORA DE LA ÚLTIMA TRANSACCIÓN | |
| campo de control | 20190320203502.0 |
| 008 - DATOS DE LONGITUD FIJA--INFORMACIÓN GENERAL | |
| campo de control de longitud fija | 000802s1999 sp-a---##b---#000-0#spa-d |
| 020 ## - NÚMERO INTERNACIONAL ESTÁNDAR DEL LIBRO | |
| Número Internacional Estándar del Libro | 8477826455 |
| 040 ## - FUENTE DE LA CATALOGACIÓN | |
| Centro catalogador/agencia de origen | I5B |
| Lengua de catalogación | spa |
| Centro/agencia transcriptor | I5B |
| Centro/agencia modificador | PL# |
| 050 #4 - SIGNATURA TOPOGRÁFICA DE LA BIBLIOTECA DEL CONGRESO | |
| Número de clasificación | D180.5 |
| Número de documento/Ítem | .C37 1999 |
| 245 10 - MENCIÓN DE TÍTULO | |
| Título | Carolus V Imperator |
| Mención de responsabilidad, etc. | Fernando Chueca Goitia ... [et al.] ; edición a cargo de Pedro Navascués Palacio ; prólogo de Geoffrey Parker ; coordinación fotográfica de Ana María Chagra. |
| 260 ## - PUBLICACIÓN, DISTRIBUCIÓN, ETC. | |
| Lugar de publicación, distribución, etc. | Barcelona |
| Nombre del editor, distribuidor, etc. | Lunwerg |
| Fecha de publicación, distribución, etc. | 1999 |
| 300 ## - DESCRIPCIÓN FÍSICA | |
| Extensión | 457 p. |
| Otras características físicas | il. a color |
| Dimensiones | 30 cm. |
| Material acompañante/anejo | 1 vol. en inglés : p. 69 |
| 504 ## - NOTA DE BIBLIOGRAFÍA, ETC. | |
| Nota de bibliografía, etc. | Incluye referencias bibliográficas |
| 600 14 - PUNTO DE ACCESO ADICIONAL DE MATERIA--NOMBRE DE PERSONA | |
| Nombre de persona | Carlos |
| Numeración | V |
| Títulos y otros términos asociados al nombre | Emperador del Sacro Imperio Romano |
| Fechas asociadas al nombre | 1500-1558 |
| Subdivisión de forma | Biografía |
| 9 (RLIN) | 5095 |
| 600 14 - PUNTO DE ACCESO ADICIONAL DE MATERIA--NOMBRE DE PERSONA | |
| Nombre de persona | Carlos |
| Numeración | V |
| Títulos y otros términos asociados al nombre | Emperador de Alemania |
| Fechas asociadas al nombre | 1500-1558 |
| Subdivisión general | Biografía |
| 9 (RLIN) | 5096 |
| 650 14 - PUNTO DE ACCESO ADICIONAL DE MATERIA--TÉRMINO DE MATERIA | |
| Término de materia o nombre geográfico como elemento de entrada | Reyes y soberanos |
| Subdivisión de forma | Biografías |
| Subdivisión cronológica | Siglo XVI |
| Subdivisión geográfica | España |
| 9 (RLIN) | 5097 |
| 650 14 - PUNTO DE ACCESO ADICIONAL DE MATERIA--TÉRMINO DE MATERIA | |
| Término de materia o nombre geográfico como elemento de entrada | Reyes y nobles |
| Subdivisión de forma | Biografías |
| Subdivisión cronológica | Siglo XVI |
| Subdivisión geográfica | España |
| 9 (RLIN) | 5098 |
| 700 1# - PUNTO DE ACCESO ADICIONAL--NOMBRE DE PERSONA | |
| Nombre de persona | Chueca Goitia, Fernando |
| 9 (RLIN) | 5099 |
| 700 1# - PUNTO DE ACCESO ADICIONAL--NOMBRE DE PERSONA | |
| Nombre de persona | Navascués Palacio, Pedro |
| 9 (RLIN) | 5100 |
| 700 1# - PUNTO DE ACCESO ADICIONAL--NOMBRE DE PERSONA | |
| Nombre de persona | Parker, Geoffrey |
| 9 (RLIN) | 5101 |
| 942 ## - ELEMENTOS DE PUNTO DE ACCESO ADICIONAL (KOHA) | |
| Fuente del sistema de clasificación o colocación | Library of Congress Classification |
| Tipo de ítem Koha | Libros |
| Estado de retiro | Estado de pérdida | Estado dañado | No para préstamo | Localización permanente | Ubicación/localización actual | Fecha de adquisición | Total de préstamos | Signatura topográfica completa | Código de barras | Fecha visto por última vez | Precio válido a partir de | Tipo de ítem Koha |
|---|---|---|---|---|---|---|---|---|---|---|---|---|
| El ejemplar forma parte de la colección y puede ser consultado según las políticas vigentes. | Biblioteca del Museo Franz Mayer (Rogerio Casas-Alatriste) | Biblioteca del Museo Franz Mayer (Rogerio Casas-Alatriste) | 27/06/2008 | D180.5 .C37 1999 | 02202 | 22/03/2019 | 22/03/2019 | Libros |